Score 0/16 Timer 04:00
1 Play Today
SCRAMBLE Answer % Correct
TREXDEDEXTER
91.7%
RAGASCADMAMADAGASCAR
85.8%
ANABLACSACCASABLANCA
85.6%
CORYKROCKY
81.1%
ODEIINIODINE
75.3%
JOUCCUJO
73.1%
DINSERFFRIENDS
71.1%
CEMOXIMEXICO
68.5%
SCRAMBLE Answer % Correct
BESONBONES
65.1%
PIERJUTJUPITER
58.4%
PLANDOPOLAND
54%
SMEADAUAMADEUS
52.7%
COPSHYPSYCHO
47.5%
ELLHOOTOTHELLO
39.3%
ITGWILTHTWILIGHT
35.4%
EDGYHORNHYDROGEN
23.4%
Remove Ads.
Support Sporcle.
Get the best of Sporcle when you Go Orange. This ad-free experience offers more features, more stats, and more fun while also helping to support Sporcle. Thank you for becoming a member.

You're not logged in!

Compare scores with friends on all Sporcle quizzes.
OR
Log In

Show Comments

Extras

Top Quizzes Today


Score Distribution

Your Account Isn't Verified!

In order to create a playlist on Sporcle, you need to verify the email address you used during registration. Go to your Sporcle Settings to finish the process.

Report this User

Report this user for behavior that violates our Community Guidelines.

Details: